| 000 | 00347nam a2200133Ia 4500 | ||
|---|---|---|---|
| 008 | 240624s9999 xx 000 0 und d | ||
| 041 | _aeng | ||
| 082 | _a658.4022 CHA | ||
| 100 | _aCHANG RICHARD Y | ||
| 245 | _aBUILDING A DYNAMIC TEAM | ||
| 260 |
_c1998 _aNew Delhi _bWheeler Publishing |
||
| 300 | _avii, : 105 : p. : cm. ; 23 | ||
| 365 |
_cRS _b30 |
||
| 999 |
_c13665 _d13665 |
||